El gran libro del colesterol bajo : (Registro nro. 21855)

Detalles MARC
000 -LEADER
fixed length control field 01286cam a2200337 i 4500
005 - DATE AND TIME OF LATEST TRANSACTION
control field 20250331185152.0
007 - PHYSICAL DESCRIPTION FIXED FIELD--GENERAL INFORMATION
fixed length control field ta
008 - FIXED-LENGTH DATA ELEMENTS--GENERAL INFORMATION
fixed length control field 180704s2011 ck ad fr 001 0 spa d
020 ## - INTERNATIONAL STANDARD BOOK NUMBER
International Standard Book Number 9789583034510
040 ## - CATALOGING SOURCE
Original cataloging agency CO-CtgCURN
Language of cataloging spa
Transcribing agency coctgcurn
041 1# - LANGUAGE CODE
Language code of text/sound track or separate title spa
Language code of original eng
082 04 - DEWEY DECIMAL CLASSIFICATION NUMBER
Classification number 613.284
Item number A671g
Edition information 21
100 1# - MAIN ENTRY--PERSONAL NAME
Personal name Archer, Shirley,
Relator term autor.
245 13 - TITLE STATEMENT
Title El gran libro del colesterol bajo :
Remainder of title reduzca sus riesgos y tenga una vida más larga y saludable /
Statement of responsibility, etc. Shirley Archer ; traducción Andrea Moure.
246 34 - VARYING FORM OF TITLE
Display text Subtítulo en cubierta:
Title proper/short title ℗ŁPrevenga enfermedades cardiacas y viva más tiempo!
250 ## - EDITION STATEMENT
Edition statement Primera edición.
260 ## - PUBLICATION, DISTRIBUTION, ETC.
Place of publication, distribution, etc. Bogotá :
Name of publisher, distributor, etc. Panamericana Editorial,
Date of publication, distribution, etc. 2011.
260 ## - PUBLICATION, DISTRIBUTION, ETC.
Date of publication, distribution, etc. ℗♭2011.
300 ## - PHYSICAL DESCRIPTION
Extent 350 páginas :
Other physical details ilustraciones, diagramas ;
Dimensions 23 cm.
336 ## - CONTENT TYPE
Content type term texto
Content type code txt
Source rdacontent
337 ## - MEDIA TYPE
Media type term sin mediación
Media type code n
Source rdamedia
338 ## - CARRIER TYPE
Carrier type term volumen
Carrier type code nc
Source rdacarrier
500 ## - GENERAL NOTE
General note Incluye índices.
534 ## - ORIGINAL VERSION NOTE
Introductory phrase Título original:
Title statement of original Everything low cholesterol book.
650 17 - SUBJECT ADDED ENTRY--TOPICAL TERM
Topical term or geographic name entry element Cocina.
Source of heading or term LEMB
650 17 - SUBJECT ADDED ENTRY--TOPICAL TERM
Topical term or geographic name entry element Colesterol
General subdivision Prevención.
Source of heading or term LEMB
650 17 - SUBJECT ADDED ENTRY--TOPICAL TERM
Topical term or geographic name entry element Hipercolesteremia.
Source of heading or term LEMB
700 1# - ADDED ENTRY--PERSONAL NAME
Personal name Moure, Andrea,
Relator term traductor.
942 ## - ADDED ENTRY ELEMENTS (KOHA)
Institution code [OBSOLETE] MHE
-- MHE
Koha item type Libros
Classification part 613.284
Item part A671g
Source of classification or shelving scheme Dewey Decimal Classification
Existencias
Withdrawn status Lost status Source of classification or shelving scheme Damaged status Not for loan Collection Home library Current library Shelving location Date acquired Inventory number Total checkouts Full call number Barcode Date last seen Price effective from Koha item type Public note
    Dewey Decimal Classification     General Miguel Henríquez Emiliani Miguel Henríquez Emiliani General 03/31/2025 023975   613.284 A671g 023975 03/31/2025 03/31/2025 Libros 610-CIENME